<?xml version="1.0" encoding="UTF-8"?>
<collection xmlns="http://www.loc.gov/MARC21/slim">
    <record>
        <controlfield tag="001">76122</controlfield>
        <controlfield tag="005">20190115093922.0</controlfield>
        <datafield tag="024" ind1="8" ind2=" ">
            <subfield code="2">sideral</subfield>
            <subfield code="a">62630</subfield>
        </datafield>
        <datafield tag="037" ind1=" " ind2=" ">
            <subfield code="a">ART-2008-62630</subfield>
        </datafield>
        <datafield tag="041" ind1=" " ind2=" ">
            <subfield code="a">spa</subfield>
        </datafield>
        <datafield tag="100" ind1=" " ind2=" ">
            <subfield code="a">Miralbés Buil, R.</subfield>
        </datafield>
        <datafield tag="245" ind1=" " ind2=" ">
            <subfield code="a">Diseño y optimización de plumines para carretillas manipuladoras</subfield>
        </datafield>
        <datafield tag="260" ind1=" " ind2=" ">
            <subfield code="c">2008</subfield>
        </datafield>
        <datafield tag="506" ind1="0" ind2=" ">
            <subfield code="a">Access copy available to the general public</subfield>
            <subfield code="f">Unrestricted</subfield>
        </datafield>
        <datafield tag="520" ind1="3" ind2=" ">
            <subfield code="a">El objeto de este artículo, es presentar una metodología de cálculo mediante el M.E.F. de plumines para manipuladoras telescópicas, analizándolos tanto en términos de rigidez como de resistencia, para cualquier tipo de plumín: telescópico, en celosía, de cajón cerrado, etc. Para ello se han simulado los diversos casos de carga y condiciones de contorno a los que puede estar sometida dicha herramienta, tanto de uso habitual como de uso extremo, teniendo en cuenta tanto la normativa existente, como la experiencia previa sobre el tema y sobre las maniobras a las que puede estar sometida la estructura. También ha sido necesario definir la metodología para la simulación de los elementos no estructurales, las zonas en contacto, los materiales, etc. En lo referente a la normativa, ha sido necesario realizar una adaptación de la normativa UNE-58536, ya que la normativa aplicable, la norma UNE 1726, resultaba poco restrictiva. Además ha sido necesario estimar algunas velocidades de translación y de rotación para poder aplicar dicha norma. Además, se han simulado y analizado las uniones por soldadura de los diversos elementos y se ha realizado un análisis comparativo de los resultados extensiométricos y los obtenidos numéricamente para unos casos de carga habituales con el objeto de validar la metodología de cálculo y los resultados obtenidos.</subfield>
        </datafield>
        <datafield tag="540" ind1=" " ind2=" ">
            <subfield code="9">info:eu-repo/semantics/openAccess</subfield>
            <subfield code="a">All rights reserved</subfield>
            <subfield code="u">http://www.europeana.eu/rights/rr-f/</subfield>
        </datafield>
        <datafield tag="655" ind1=" " ind2="4">
            <subfield code="a">info:eu-repo/semantics/article</subfield>
            <subfield code="v">info:eu-repo/semantics/acceptedVersion</subfield>
        </datafield>
        <datafield tag="700" ind1=" " ind2=" ">
            <subfield code="a">Castejón Herrer, L.</subfield>
        </datafield>
        <datafield tag="773" ind1=" " ind2=" ">
            <subfield code="g">83, 5 (2008), 282-290</subfield>
            <subfield code="p">Dyna (Bilbao)</subfield>
            <subfield code="t">Dyna</subfield>
            <subfield code="x">0012-7361</subfield>
        </datafield>
        <datafield tag="856" ind1="4" ind2="1">
            <subfield code="u">https://www.revistadyna.com/busqueda/diseno-y-optimizacion-de-plumines-para-carretillas-manipuladoras</subfield>
            <subfield code="z">Texto completo de la revista</subfield>
        </datafield>
        <datafield tag="856" ind1="4" ind2=" ">
            <subfield code="s">683670</subfield>
            <subfield code="u">http://zaguan.unizar.es/record/76122/files/texto_completo.pdf</subfield>
            <subfield code="y">Postprint</subfield>
        </datafield>
        <datafield tag="856" ind1="4" ind2=" ">
            <subfield code="s">129071</subfield>
            <subfield code="u">http://zaguan.unizar.es/record/76122/files/texto_completo.jpg?subformat=icon</subfield>
            <subfield code="x">icon</subfield>
            <subfield code="y">Postprint</subfield>
        </datafield>
        <datafield tag="909" ind1="C" ind2="O">
            <subfield code="o">oai:zaguan.unizar.es:76122</subfield>
            <subfield code="p">articulos</subfield>
            <subfield code="p">driver</subfield>
        </datafield>
        <datafield tag="951" ind1=" " ind2=" ">
            <subfield code="a">2019-01-15-08:01:32</subfield>
        </datafield>
        <datafield tag="980" ind1=" " ind2=" ">
            <subfield code="a">ARTICLE</subfield>
        </datafield>
    </record>

    
</collection>